Contemporary management /
This book is about: management: an introduction; The environment of management; Planning and decision making; Organizing; Leading; Controlling; ...
Đã lưu trong:
| Hovedforfatter: | |
|---|---|
| Andre forfattere: | |
| Format: | Bog |
| Sprog: | English |
| Udgivet: |
Boston :
Houghton Mifflin,
1994.
|
| Udgivelse: | 3rd ed. |
| Fag: | |
| Tags: |
Tilføj Tag
Ingen Tags, Vær først til at tagge denne postø!
|
| Thư viện lưu trữ: | Mạng thư viện Đại học Đà Nẵng |
|---|
| LEADER | 01067cam a2200349 i 4500 | ||
|---|---|---|---|
| 001 | 000048786 | ||
| 003 | 8512 | ||
| 005 | 20051111141406.0 | ||
| 008 | 010321b1994 vm 000 eng | ||
| 020 | |a 0395673429 | ||
| 040 | |a IRC |c IRC |d IRC | ||
| 041 | 0 | |a eng | |
| 082 | 1 | 4 | |a 658.4 |b VA-D |
| 100 | 1 | |a Van Fleet, David D. | |
| 245 | 1 | 0 | |a Contemporary management / |c David D. Van Fleet, Tim O. Peterson ; in collaboration with Ricky W. Griffin. |
| 250 | |a 3rd ed. | ||
| 260 | |a Boston : |b Houghton Mifflin, |c 1994. | ||
| 300 | |a xxxvii, 649 p. : |b ill. (some col.) ; |c 25 cm. | ||
| 520 | 3 | |a This book is about: management: an introduction; The environment of management; Planning and decision making; Organizing; Leading; Controlling; ... | |
| 630 | 0 | 4 | |a Management. |
| 650 | 0 | 4 | |a Management. |
| 700 | 1 | |a Peterson, Tim O. | |
| OWN | |a DUT | ||
| 999 | |a From the UDN01 | ||
| TYP | |a Monograph | ||
| TYP | |a Printed language | ||
| 980 | |a Mạng thư viện Đại học Đà Nẵng | ||


